| 000 | 01951cam a22005294i 4500 | ||
|---|---|---|---|
| 003 | PE-LiUPU | ||
| 005 | 20250731165517.0 | ||
| 008 | 191018s2019 pe a rb 000 0 spa d | ||
| 020 | _a6124793717 | ||
| 020 | _a9786124793714 | ||
| 035 | _a(Sirsi) a252604 | ||
| 040 |
_aPE-LiUPU _bspa _cPE-LiUPU _erda |
||
| 049 | _aPRUA | ||
| 082 | 0 | 4 |
_a001.42 _bS23 _220 |
| 100 | 1 |
_aSánchez Espejo, Francisco G., _eautor. |
|
| 245 | 1 | 0 |
_aTesis : _bdesarrollo metodológico de la investigación / _cFrancisco G. Sánchez Espejo. |
| 250 | _aPrimera edición. | ||
| 264 | 1 |
_aLima : _bNormas Jurídicas, _c2019. |
|
| 300 |
_a288 páginas : _bilustraciones ; _c24 centímetros |
||
| 336 |
_atext _2rdacontent |
||
| 337 |
_aunmediated _2rdamedia |
||
| 338 |
_avolume _2rdacarrier |
||
| 504 | _aBibliografía: página [289]. | ||
| 505 | 0 | _aLa ciencia -- Preliminares de la investigación -- Metodología de la investigación -- Recolección y procedimiento de la información -- El marco teórico -- La estadística -- La última parte de la investigación. | |
| 526 | _aSEG44 | ||
| 526 | _aSEG26 | ||
| 526 | _aP151 | ||
| 526 | _aP150 | ||
| 526 | _aP149 | ||
| 526 | _aP146 | ||
| 526 | _aP145 | ||
| 526 | _aP126 | ||
| 526 | _aP125 | ||
| 526 | _aP92 | ||
| 526 | _aP75 | ||
| 526 | _aP74 | ||
| 526 | _aP27 | ||
| 526 | _aP15 | ||
| 541 | _g038-4969; | ||
| 650 | 0 | 7 |
_aMetodológico -- Investigación. _2lemb. |
| 650 | 2 | 8 |
_aEducación _xInvestigación _xMetodología. |
| 910 |
_adbm _bncf _cncf _d20191018 |
||
| 942 |
_2ddc _cBOOK |
||
| 994 |
_aC0 _bPEPRU |
||
| 596 | _a1 | ||
| 999 |
_a001.42 S23 _wDEWEY _c31834 _i80792 _f2021-11-4 _g3 _lCCODEBUL1 _mBUL _p14.92 _r0 _sY _tBOOK _u2019-10-18 _xBIBLIOTECA _zTO-MENCIÓN _0COMPRA _1FCOMPR4 _o.STAFF. Colección Ciencias Humanas y Educación _d31834 |
||
| 980 |
_81 _gALBERTO SANCHEZ Responsable de Automatización |
||